Devine la technologie - Statistiques

Statistiques générales
  • Ce quiz a été pris 60 fois
  • Le résultat moyen est 4 sur 10
Statistiques - réponses
Par images Réponse % Correct
CD
96%
Clé USB
80%
AirPods 1ère génération
75%
iPad 1ère génération
73%
iPhone 2G
72%
Xbox
71%
PlayStation 1
70%
Platine tourne-disque
65%
NES
58%
Game Boy
56%
Cassette Audio
52%
Atari 2600
48%
Télécopieur / Fax
43%
Fibre Optique
38%
VHS
35%
Macintosh 128K
24%
Télévison Cathodique
17%
Appareil Photo Argentique
13%
HTC Vive
9%
Amazon Echo 1ère génération
5%
Projecteur de diapositives / Carrousel
5%
Radiomessagerie / Pager
5%
ENIAC
4%
NVIDIA GeForce GTX 1060
0%
Samsung Galaxy Gear
0%
Aucun quiz correspondant
Distribution des résultats
% des personnes avec chaque résultat
Percentile par nombre de réponses
Votre historique - résultats
Vous n’avez pas pris ce quiz